Los proyectos estatales y la integración centroamericana

保存先:
書誌詳細
第一著者: Poitevin Dardon, René
フォーマット: テキスト
出版事項: San José :
タグ: タグ追加
タグなし, このレコードへの初めてのタグを付けませんか!

MARC

LEADER 00000 a a2200000 04500
001 14772
003
040
090 |a 022400  
100 |a Poitevin Dardon, René  
245 |a Los proyectos estatales y la integración centroamericana  
260 |a San José :  
300 |a 39 p.  
999 |c 14150  |d 14150